La Meuse en images - Statistiques

Statistiques générales
  • Ce quiz a été pris 77 fois
  • Le résultat moyen est 10 sur 18
Statistiques - réponses
Par images Hint Réponse % Correct
Préfecture Bar-le-Duc
98%
Sous-préfecture Verdun
95%
Spécialité locale Madeleines
80%
Nom de ce monument Ossuaire
80%
Sous-préfecture Commercy
79%
Spécialité locale Dragées
79%
Actrice Isabelle Nanty
73%
Grande étendue d'eau Lac de {Madine}
71%
Lieu historique Butte de {Montsec}
55%
Homme politique Raymond Poincaré
55%
Ouvrage militaire {Citadelle} de Montmédy
50%
Ouvrage militaire Fort de {Douaumont}
48%
Ville Ligny-en-Barrois
26%
Centre d'art contemporain Vent des Forêts
21%
Édifice Château de {Thillombois}
20%
Édifice Château d'{Hattonchâtel}
17%
Édifice Château des {Monthairons}
15%
Dernière attaque alliée de 14-18 Offensive {Meuse-Argonne}
6%
Aucun quiz correspondant
Distribution des résultats
% des personnes avec chaque résultat
Percentile par nombre de réponses
Votre historique - résultats
Vous n’avez pas pris ce quiz